Pieniny tip na víkend

Podrobná bibliografia
Korporatívny autor: Pieniny (Slovensko : národný park) (Autor)
Médium: Článok
Jazyk:slovenčina
Fyzický popis:1 foto
Predmet:

MARC

LEADER 00000nab a2200000 a 4500
001 vtls001022003
003 SK-MaSNL
005 20260303204204.0
008 040720euuuu xo 0 slo
035 |a SL594 
040 |a SLLK  |b slo  |c SLLK  |e AACR2 
041 0 |a slo 
044 |a xo  |c SK 
080 |a 502.4  |2 1981 
245 0 0 |a Pieniny  |b tip na víkend 
300 |b 1 foto 
650 0 7 |a národné parky  |2 SLLK  |9 3797 
650 0 7 |a krásy prírodné  |2 SLLK  |9 1009750 
650 0 7 |a turistické trasy  |2 SLLK  |9 72845 
650 0 7 |a charakteristika  |2 SLLK  |9 30093 
651 7 |a SL,  |2 SLLK  |9 1022390 
651 7 |a Pieninský národný park (Slovensko)  |2 SLLK  |9 13216 
710 2 |a Pieniny (Slovensko : národný park)  |4 aut  |9 1237617 
773 0 8 |a , S. 22 
852 |a ZVYKNI  |b KIS3GCP 
999 |c 2188845  |d 2190775